| 000 | 00458nam a22001337a 4500 | ||
|---|---|---|---|
| 999 |
_c14110 _d14110 |
||
| 008 | 190809b ||||| |||| 00| 0 eng d | ||
| 082 | _aDPer 050 T48 Apr-June 2016 v.187, n.12-24 | ||
| 100 |
_aMiller, Zeke J. _927202 |
||
| 245 |
_aThe republican boss leads a wary embrace of Trump/ _cZeke J. Miller. |
||
| 260 |
_aHong Kong: _bTime Asia, _cc2016. |
||
| 300 |
_av187 n18, pages 14-15: _billustrations; _c27 cm. |
||
| 650 |
_aPolitics. _939148 |
||
| 942 |
_2ddc _cPER |
||